Responses for Show #8040 - Friday, July 19, 2019

Jason Zuffranieri game 1.

Contestants

[<< previous game]

Jason Zuffranieri, a math teacher from Albuquerque, New Mexico

Kathleen O'Shea, a PR content manager from Chicago, Illinois

Nathan Kaplan, a math professor from Los Angeles, California (whose 1-day cash winnings total $19,600)

[next game >>]

Jeopardy! Round responses

IF I WERE A TIBETAN MAN
POP CULTURE DECADES
MOM & DAD CONFUSE ME
THAT'S HOT STUFF
"BB" IN THE MIDDLE
(Alex: The exact middle of each correct response will have the double "B".)
THE APOLLO MISSIONS
(Sarah of the Clue Crew: From the Smithsonian. Celebrating the 50th anniversary of humanity's journey to the Moon.)
    $200 13
a swing state

Kathleen
    $200 27
Venus

Jason
    $200 28
[The end-of-round signal sounds.]

a pebble

Nathan
    $200 26
(Alex: Less than a minute.)

the Wright brothers

Nathan
    $400 25
(Kathleen: What are Huns?)

the Mongols

NathanKathleen
    $400 19
the 1950s

Jason
    $400 14
a kitty

Jason
    $400 5
walking on coals

Jason
    $400 23
a ribbon

Nathan
    $400 2
quarantine

Jason
    $600 20
Buddhism

Nathan
    $600 10
(Nathan: What are the 1950s?)
(Kathleen: What are the 1960s?)

the 1940s

NathanKathleenJason
    $600 15
the Cubbies

Nathan
    $600 6
Old Faithful

Kathleen
    $600 1
(Kathleen: What is a thought bubble?)

a bubble

NathanKathleen
    $600 3
Soyuz

Nathan
    $800 21
(Nathan: What is Hindi?)

Sanskrit

NathanJason
    $800 11
the 1980s

Jason
    $800 17
my markers

Triple Stumper
    $800 8
a Bunsen burner

Nathan
    $800 4
snobbish

Triple Stumper
    $800 9
Saturn V

Jason
    $1000 22
yellow

Triple Stumper
    $1000 12
the '20s

Kathleen
    $1000 18
oversharing

Jason
    $1000 16
torrid

Triple Stumper
    $1000 7
a quibbler

Jason
    $2,200 24
(Nathan: What is magnetite?)

basalt

Nathan

Scores at the first commercial break (after clue 15):

Nathan Kathleen Jason
$2,000 $600 $4,400

Scores at the end of the Jeopardy! Round:

Nathan Kathleen Jason
$800 $200 $6,800

Double Jeopardy! Round responses

ENTRANCE MUSIC
NEW WORDS IN THE MERRIAM-WEBSTER DICTIONARY
THE REAL MOVIE PERSON
LANDS O' LAKES
AFRICAN-AMERICAN AUTHORS
COMPUTER "D"s
    $400 1
case-sensitive

Jason
    $400 27
[The end-of-round signal sounds.]

Nicaragua

Jason
    $400 26
Los Angeles

Jason
    $800 25
(Nathan: Who is David?)

Solomon

Nathan
Triple Stumper
    $2,000 20
(Jason: What is... cryptic--[*]?)

cryptocurrency

Jason
    $800 15
Dead Man Walking

Jason
    $800 23
Russia

Nathan
    $800 10
(Kathleen: What is Morehouse?)

Howard

NathanKathleen
    $800 16
(Kathleen: What is delete?)

drag and drop

KathleenJason
    $1200 2
Palm Sunday

Jason
    $1200 24
glamping

Nathan
    $1200 11
The Social Network

Jason
    $1200 17
(Nathan: What is Switzerland?)

Italy

NathanKathleen
    $1200 5
(Jason: What is Somalia?)
(Kathleen: What is Cape Horn?)

Ethiopia

NathanKathleenJason
    $1200 7
double-click

Jason
    $4,000 3
Mikado

Jason
    $1600 22
tzatziki

Jason
    $1600 12
(Kathleen: What is RBG?)

On the Basis of Sex

NathanKathleen
    $1600 18
Mexico

Triple Stumper
    $1600 4
August Wilson

Nathan
    $1600 8
Deep Blue

Nathan
    $2000 14
Norma

Triple Stumper
    $2000 21
(Alex: Less than a minute now.)

a dachshund

Nathan
    $2000 13
Erin Brockovich

Jason
    $2000 19
Canada

Jason
    $2000 6
(Richard) Wright

Jason
    $2000 9
directory

Kathleen

Scores at the end of the Double Jeopardy! Round:

Nathan Kathleen Jason
$9,600 -$1,000 $25,600
(lock game)

[wagering suggestions for these scores]

Final Jeopardy! Round responses

STATES' GOVERNORS
NathanWhat is Washington?
$3,264
JasonWhat is Arizona?
$1,000
Arizona

Final scores:

Nathan Kathleen Jason
$6,336 -$1,000 $26,600
2nd place: $2,000 3rd place: $1,000 New champion: $26,600

Game dynamics:

Coryat scores:

Nathan Kathleen Jason
$11,800 -$1,000 $22,000
17 R,
5 W
(including 1 DD)
5 R,
7 W
25 R
(including 2 DDs),
1 W

Combined Coryat: $32,800

[game clues] [game scores] [suggest correction]

Game tape date: 2019-03-30
The J! Archive is created by fans, for fans. Scraping, republication, monetization, and malicious use prohibited; this site may use cookies and collect identifying information. See terms. The Jeopardy! game show and all elements thereof, including but not limited to copyright and trademark thereto, are the property of Jeopardy Productions, Inc. and are protected under law. This website is not affiliated with, sponsored by, or operated by Jeopardy Productions, Inc. Join the discussion at JBoard.tv.